Tin học 10
Nội dung giới thiệu một số khái niệm cơ bản của tin học, hệ điều hành, soạn thảo văn bản, mạng máy tính và Internet.
Wedi'i Gadw mewn:
| Prif Awdur: | |
|---|---|
| Fformat: | Llyfr |
| Iaith: | Undetermined |
| Cyhoeddwyd: |
Hà Nội
Giáo dục
2013
|
| Pynciau: | |
| Tagiau: |
Ychwanegu Tag
Dim Tagiau, Byddwch y cyntaf i dagio'r cofnod hwn!
|
| Thư viện lưu trữ: | Trung tâm Học liệu Trường Đại học Cần Thơ |
|---|
| LEADER | 00717nam a2200205Ia 4500 | ||
|---|---|---|---|
| 001 | CTU_182363 | ||
| 008 | 210402s9999 xx 000 0 und d | ||
| 020 | |c 8500 | ||
| 082 | |a 005.0712 | ||
| 082 | |b Đ104 | ||
| 100 | |a Hồ, Sĩ Đàm | ||
| 245 | 0 | |a Tin học 10 | |
| 245 | 0 | |c Hồ Sĩ Đàm ( chủ biên ) ... [et al.] | |
| 260 | |a Hà Nội | ||
| 260 | |b Giáo dục | ||
| 260 | |c 2013 | ||
| 520 | |a Nội dung giới thiệu một số khái niệm cơ bản của tin học, hệ điều hành, soạn thảo văn bản, mạng máy tính và Internet. | ||
| 650 | |a Computers,Tin học | ||
| 904 | |i Bằng | ||
| 980 | |a Trung tâm Học liệu Trường Đại học Cần Thơ | ||